25 Most Powerful Women 2024 - Statistics

General Stats
  • This quiz has been taken 43 times
  • The average score is 3 of 25
Answer Stats
Answer Location Category % Correct
Giorga Meloni Italy Politics & Policy
67%
Claudia Sheinbaum Mexico Politics & Policy
50%
Taylor Swift US Music
50%
Ursula von der Leyen Belgium Politics & Policy
50%
Melinda Gates US Philanthropy
47%
Christine Lagarde Germany Politics & Policy
11%
Laurene Powell Jobs US Philanthropy
11%
MacKenzie Scott US Philanthropy
8%
Abigail Johnson US Finance
6%
Ana Patricia Botín Spain Finance
6%
Julie Sweet US Buisness
6%
Amy Hood US Technology
3%
Carol Tomé US Buisness
3%
Catherine McGregor France Buisness
3%
Emma Walmsley UK Buisness
3%
Gail Boudreaux US Buisness
3%
Gwynne Shotwell US Technology
3%
Jane Frazer US Finance
3%
Kathryn McLay US Buisness
3%
Kristalina Georgieva US Politics & Policy
3%
Mary Barra US Buisness
3%
Ruth Porat US Technology
3%
Safra Catz US Technology
3%
Tarciana Paula Gomes Medeiros Brazil Finance
3%
Phebe Novacovic US Buisness
0%
No matching quizzes found
Score Distribution
Percent of People with Each Score
Percentile by Number Answered
Your Score History
You have not taken this quiz